000 00670nam a22002177a 4500
003 OSt
005 20250716073519.0
008 250716b |||||||| |||| 00| 0 eng d
020 _a978-971-9905-45-5.
040 _aDWCL-Main lib
_cOC
082 _aFil.641.2 R741b 2012
100 _aRojo, Lorenzo G.
245 _aBar and beverage service with mixology/
_cLorenzo G. Rojo
250 _a2nd edition
260 _aManila :
_bMindshapers Co., Inc.
300 _a vii, 288 pages :
_billustrations ;
_c26 cm.
504 _aIncludes bibliographical references.
650 _a1. Bartending
650 _a2. Beverages.
942 _2ddc
_cBK - FIL
_e 2nd edition
_kFil.
_n0
999 _c3715
_d3715